00667 a2200193 450000500170000001000130001702000260003003500130005603700090006908200060007810000280008424500560011226000410016827000620020930000220027194200250029399900190031895201360033720240530162337.0 aB-759284 a9788193833117c249.00 aB-759284 bGift aN aNischal Samrat C967168 aAlfred Stone & The Vacation Hunt/cNischal Samrat C aBanglorbDawn Rose Publicationc2019 aNo. 604, Bldg- 12, Shantipark ApartmentbBanglore560069 a161 p.c21 cm(Pb) adplcCH2ddchNmNIS c203430d203430 001040708FICaAVbAVd2024-05-30eGift/28.5.24g249.00l0oN NISpB-759284r2024-05-30 00:00:00t1v249.00w2024-05-30yCHzGift